[Event "Wattens op 09th"]
[Site "Wattens"]
[Date "1994.??.??"]
[Round "4"]
[White "Albrecht, Thomas"]
[Black "Ferrari, Josef"]
[Result "0-1"]
[WhiteElo "1870"]
[BlackElo "2040"]
[PlyCount "108"]
[EventDate "1994.??.??"]
[EventType "swiss"]
[EventRounds "9"]
[EventCountry "AUT"]
[SourceTitle "EXT 2000"]
[Source "ChessBase"]
[SourceDate "1999.11.16"]
[SourceVersion "1"]
[SourceVersionDate "1999.11.16"]
[SourceQuality "1"]

1. d4 Nf6 2. Nf3 e6 3. e3 d5 4. Bd3 c5 5. b3 Nc6 6. 0-0 cxd4 7. exd4 Be7 8. Bb2 0-0 9. Nbd2 b6 10. Re1 Qc7 11. a3 Bb7 12. Re3 Ng4 13. Re2 Bd6 14. h3 Nf6 15. Rc1 Qe7 16. Ra1 Nh5 17. g3 Nf6 18. Ne5 Nd7 19. Nxd7 Qxd7 20. Nf3 Qc7 21. Rd2 Rac8 22. Qe2 Qe7 23. Ba6 Bxa6 24. Qxa6 Qf6 25. Kg2 Rc7 26. Qd3 Rfc8 27. Rc1 Na5 28. Ra1 Qg6 29. Qxg6 hxg6 30. Ne1 b5 31. Re2 Be7 32. a4 b4 33. h4 Bf6 34. Rd1 Nb7 35. Bc1 Rc6 36. Bf4 a5 37. Rdd2 Rc3 38. Nf3 Be7 39. g4 Bd6 40. Ne5 Bxe5 41. Bxe5 f6 42. Bg3 Kf7 43. Bf4 Ke7 44. f3 Nd6 45. Bxd6+ Kxd6 46. Rf2 e5 47. dxe5+ fxe5 48. Rde2 Rh8 49. Kg3 e4 50. Kf4 Rf8+ 51. Kg5 exf3 52. Re1 Rf6 53. Re8 d4 54. Ra8 Rc5# 0-1

[Event "Wattens op 09th"]
[Site "Wattens"]
[Date "1994.??.??"]
[Round "8"]
[White "Delmarko, Dietmar"]
[Black "Albrecht, Thomas"]
[Result "0-1"]
[WhiteElo "1610"]
[BlackElo "1870"]
[PlyCount "92"]
[EventDate "1994.??.??"]
[EventType "swiss"]
[EventRounds "9"]
[EventCountry "AUT"]
[SourceTitle "EXT 2000"]
[Source "ChessBase"]
[SourceDate "1999.11.16"]
[SourceVersion "1"]
[SourceVersionDate "1999.11.16"]
[SourceQuality "1"]

1. e4 d6 2. d4 Nf6 3. Bd3 g6 4. c3 Bg7 5. Nf3 0-0 6. 0-0 b6 7. h3 Bb7 8. Be3 Bxe4 9. Nh2 Bxd3 10. Qxd3 d5 11. Nd2 Nbd7 12. f4 e6 13. g4 c5 14. Nhf3 cxd4 15. cxd4 Qc7 16. Rac1 Qb7 17. Rc3 Ne4 18. Rc2 Rac8 19. Rfc1 Nd6 20. b3 Rxc2 21. Rxc2 Rc8 22. a4 Nb8 23. Ne1 Nc6 24. Nb1 Re8 25. Rd2 Ne4 26. Rd1 Qe7 27. Nf3 Nb4 28. Qe2 Rc8 29. Rc1 Rxc1+ 30. Bxc1 Qc7 31. Be3 Qc2 32. Qxc2 Nxc2 33. Bf2 Nxf2 34. Kxf2 Nxd4 35. Nxd4 Bxd4+ 36. Ke2 f6 37. Nd2 Bc3 38. Nf3 Kf7 39. Kd3 Ba1 40. Ne1 a5 41. Nc2 Bb2 42. Ne1 e5 43. Kc2 Ba1 44. fxe5 fxe5 45. b4 axb4 46. Nd3 Bc3 0-1